| 000 | 00838nam a22002417a 4500 | ||
|---|---|---|---|
| 001 | 2595 | ||
| 005 | 20240404153418.0 | ||
| 020 | _a9780545307260 | ||
| 040 |
_aFISKH _beng _cFISKH _dFISKH |
||
| 050 | _aPZ7.S47953 | ||
| 082 | _a813.6 | ||
| 100 | _aSenzai N. H. | ||
| 245 |
_aShooting Kabul / _cN. H. Senzai |
||
| 250 | _aFirst Scholastic printing, December 2010 | ||
| 260 |
_aNew York : _bScholastic, _c2010 |
||
| 300 |
_a262 pages : _c20cm |
||
| 505 | _aM | ||
| 520 | _aEscaping from Taliban-controlled Afghanistan in the summer of 2001, eleven-year-old Fadi and his family immigrate to the San Francisco Bay Area, where Fadi schemes to return to the Pakistani refugee camp where his little sister was accidentally left behind. | ||
| 521 |
_a800 _bLexile |
||
| 650 |
_2War _aWar |
||
| 650 |
_2Soldier _aSoldier |
||
| 942 |
_2ddc _cBK _n0 |
||
| 999 |
_c2595 _d2595 |
||